Пропуск в контексте

Динамика лесных ценозов в южных районах Средней Сибири в условиях активизации биотического воздействия

В монографии изучены динамические процессы в лесных ценозах южных районов Средней Сибири в условиях изменения климата и активизации биогенных факторов (на примере Armillaria mellea sensu lato). На основе обобщения большого массива данных (1915-2014 гг.) представлена динамика климатических показателе...

Fuld beskrivelse

Сохранить в:
Bibliografiske detaljer
Hovedforfatter: Миронов А. Г.
Format: Книга
Sprog:Russian
Udgivet: Красноярск КрасГАУ 2015
Online adgang:https://e.lanbook.com/book/187161
https://e.lanbook.com/img/cover/book/187161.jpg
Tags: Tilføj Tag
Ingen Tags, Vær først til at tagge denne postø!
LEADER 02713nam0a2200253 i 4500
001 187161
003 RuSpLAN
005 20221220174138.0
008 221220s2015 ru gs 000 0 rus
020 |a 978-5-94617-361-2 
040 |a RuSpLAN 
041 0 |a rus 
044 |a ru 
084 |a 43.425  |2 rubbk 
245 0 0 |a Динамика лесных ценозов в южных районах Средней Сибири в условиях активизации биотического воздействия  |c Миронов А. Г. 
260 |a Красноярск  |b КрасГАУ  |c 2015 
300 |a 150 с. 
504 |a Библиогр.: доступна в карточке книги, на сайте ЭБС Лань 
520 8 |a В монографии изучены динамические процессы в лесных ценозах южных районов Средней Сибири в условиях изменения климата и активизации биогенных факторов (на примере Armillaria mellea sensu lato). На основе обобщения большого массива данных (1915-2014 гг.) представлена динамика климатических показателей в южных районах Средней Сибири. Предложена система агротехнических мероприятий по повышению устойчивости ценозов к корневым патогенам. В основу монографии легли результаты диссертационного исследования автора «Динамика лесных экосистем юга Средней Сибири в условиях изменяющегося климата и активизации биотического воздействия» (2007) под руководством канд. с.-х. наук (в настоящее время д-ра биол. наук, проф.) И.Н. Павлова. Предназначено для научных работников, специалистов в области экологии, биологии и лесного хозяйства, аспирантов и студентов направлений подготовки 051000 (44.03.04), 050100 (44.03.010), 250100 (35.03.01). 
521 8 |a Книга из коллекции КрасГАУ - Лесное хозяйство и лесоинженерное дело 
100 1 |a Миронов А. Г. 
856 4 |u https://e.lanbook.com/book/187161 
856 4 8 |u https://e.lanbook.com/img/cover/book/187161.jpg 
953 |a https://e.lanbook.com/img/cover/book/187161.jpg